000
00264nam a2200109Ia 4500
008
220120s9999||||xx |||||||||||||| ||und||
020
_a
9780141302577
100
_a
Godse, A.P
_9
1195
245
0
_a
Advanced microprocessors
260
_b
New York
300
_a
108p.
_b
0
999
_c
136456
_d
136456